| Tag |
First Indicator |
Second Indicator |
Subfields |
| LEADER |
00000cam a2200000 a 4500 |
| 001 |
in00000088166 |
| 005 |
20151008065041.0 |
| 008 |
780516s1977 nyua 00010 eng d |
| 010 |
|
|
|a 77075354
|
| 020 |
|
|
|a 0672523620
|c $12.95
|
| 035 |
|
|
|a (OCoLC)03900551
|
| 035 |
|
|
|9 AAK5267AM
|
| 040 |
|
|
|a GZD
|c GZD
|d m.c.
|d TXA
|d UtOrBLW
|
| 049 |
|
|
|a TXAM
|c [1407134]
|
| 090 |
|
|
|a F192.3
|b .M3 1977a
|
| 100 |
1 |
|
|a Manley, Nick.
|
| 245 |
1 |
0 |
|a Washington /
|c Nick Manley.
|
| 264 |
|
1 |
|a New York :
|b Peebles Press ;
|c 1977.
|
| 264 |
|
2 |
|a Indianapolis, Ind. :
|b Distributed by Bobbs-Merrill,
|
| 300 |
|
|
|a 142 pages :
|b illustrations (some co.) ;
|c 29 cm.
|
| 336 |
|
|
|a text
|b txt
|2 rdacontent
|
| 337 |
|
|
|a unmediated
|b n
|2 rdamedia
|
| 338 |
|
|
|a volume
|b nc
|2 rdacarrier
|
| 490 |
1 |
|
|a American photo album
|
| 651 |
|
0 |
|a Washington (D.C.)
|v Pictorial works.
|
| 830 |
|
0 |
|a American photo album.
|
| 999 |
|
|
|a MARS
|
| 999 |
f |
f |
|s 209763f9-5d8e-384d-affd-6dcbf0c3b6d1
|i c829d6d4-eeb6-3ab4-afb8-60be398539ba
|t 0
|
| 952 |
f |
f |
|p ric
|a Texas A&M University
|b Rellis Campus
|c Joint Library Facility
|d Remote Storage
|t 0
|e F192.3 .M3 1977a
|h Library of Congress classification
|i unmediated -- volume
|m A14806109100
|
| 998 |
f |
f |
|a F192.3 .M3 1977a
|t 0
|l Remote Storage
|